Presidents of Paraguay by Picture - Statistics

General Stats
  • This quiz has been taken 44 times
  • The average score is 23 of 59
Answer Stats
Picture Hint Answer % Correct
1862-1870 Francisco Solano López
67%
1954-1989 Alfredo Stroessner
61%
1841-1866 Carlos Antonio López
61%
2008-2012 Fernando Lugo
56%
1811-1813 | 1814 Fulgencio Yegros
56%
1912 Pedro Peña
56%
1989-1993 Andrés Rodríguez
50%
1880-1886 Bernardino Caballero
50%
2013-2018 Horacio Cartes
50%
1811 | 1813-1814 | 1814-1840 José Gaspar Rodríguez de Francia
50%
1890-1894 Juan Gualberto González
50%
1916-1919 Manuel Franco
50%
1841-1844 Mariano Roque Alonso
50%
2018-2023 Mario Abdo Benítez
50%
2003-2008 Nicanor Duarte
50%
2023-Present Santiago Peña
50%
1905-1906 Cecilio Báez
44%
1870-1871 Cirilo Antonio Rivarola
44%
1923-1924 | 1924-1928 Eligio Ayala
44%
1921-1923 | 1932-1936 Eusebio Ayala
44%
2012-2013 Fedrico Franco
44%
1949 Felipe Molas López
44%
1993-1998 Juan Carlos Wasmosy
44%
1948-1949 Juan Natalicio González
44%
1936-1937 Rafael Franco
44%
1811 Bernardo de Velasco
39%
1939-1940 José Félix Estigarribia
39%
1911-1912 Liberato Marcial Rojas
39%
1999-2003 Luis Ángel González Macchi
39%
1910-1911 | 1920-1921 Manuel Gondra
39%
1998-1999 Raúl Cubas Grau
39%
1908-1910 Benigno Ferreira
33%
1870 Facundo Machaín
33%
1919-1920 José Pedro Montero
33%
1874-1877 Juan Bautista Gill
33%
1894 Marcos Morínigo
33%
1954 Tomás Romero Pereira
33%
1911 Albino Jara
28%
1878-1880 Cándido Bareiro
28%
1912-1916 Eduardo Schaerer
28%
1949-1954 Federico Chaves
28%
1921 | 1937-1938 Félix Paiva
28%
1940-1948 Higinio Morínigo
28%
1877-1878 Higinio Uriarte
28%
1904-1905 Juan Bautista Gaona
28%
1811 Juan Valeriano de Zevallos
28%
1924 Luis Alberto Riart
28%
1840-1841 Manuel Antonio Ortiz
28%
1886-1890 Patricio Escobar
28%
1871-1874 Salvador Jovellanos
28%
1902 Andrés Héctor Carvallo
22%
1908-1910 | 1912 | 1931-1932 Emiliano González Navero
22%
1898-1902 Emilio Aceval
22%
1841 José Domingo Ocampos
22%
1928-1931 | 1932 José Patricio Guggiari
22%
1902-1904 Juan Antonio Escurra
22%
1894-1898 Juan Bautista Egusquiza
22%
1948 Juan Manuel Frutos
22%
1949 Raimundo Rolón
22%
No matching quizzes found
Score Distribution
Percent of People with Each Score
Percentile by Number Answered
Your Score History
You have not taken this quiz